00683nam a22002417i 4500001000800000003001000008007000500018008004100023040003500064041000800099043000700107084000700114110004600121245005000167264001100217300002300228336002700251337003300278338002800311500001500339650001200354773007500366B-12602CO-BoFNCPt|| 090928s2008 my r eng d  aCO-BoFNCPbspacCO-BoFNCPerda aeng amy aA-2 aThe Incorporated Society of Planters, ISP10aWhen will we cash in on our herbal heritage?. 4c©2008 apáginas 281-282. atextobtxt2rdacontent asin mediaciónbn2rdamedia avolumenbnc2rdacarrier aEditorial. 0aHierbas0 aThe Planter (Malasia)gv. 84, no. 986 (2008), p.281-282wA-x0126-575x